UM Logo

Management System For Kabalikat with Android-Based One-Tap Emergency Button and Accident Prediction Analysis Using Linear Regression Model/ (Record no. 14108)

MARC details
000 -LEADER
fixed length control field 00740nam a22001697a 4500
008 - FIXED-LENGTH DATA ELEMENTS--GENERAL INFORMATION
fixed length control field 190802b ||||| |||| 00| 0 eng d
082 ## - DEWEY DECIMAL CLASSIFICATION NUMBER
Edition number 2019
Classification number UT 1340
Item number So43
100 ## - MAIN ENTRY--PERSONAL NAME
Personal name Soliven, Lorraine Joy P.
9 (RLIN) 39145
245 ## - TITLE STATEMENT
Title Management System For Kabalikat with Android-Based One-Tap Emergency Button and Accident Prediction Analysis Using Linear Regression Model/
Statement of responsibility, etc. Lorraine Joy P. Soliven, Reemah T. Dela Cruz and Jhay Ann M. Tero
260 ## - PUBLICATION, DISTRIBUTION, ETC. (IMPRINT)
Place of publication, distribution, etc. Digos City
Name of publisher, distributor, etc. UMDC
Date of publication, distribution, etc. April 2019
300 ## - PHYSICAL DESCRIPTION
Extent 40 pages
Dimensions 30 cm
650 ## - SUBJECT ADDED ENTRY--TOPICAL TERM
Topical term or geographic name as entry element Bachelor of Science
Form subdivision Information Technology
General subdivision Undergraduate Thesis
9 (RLIN) 38973
700 ## - ADDED ENTRY--PERSONAL NAME
Personal name Soliven, Lorraine Joy P.
9 (RLIN) 39145
700 ## - ADDED ENTRY--PERSONAL NAME
Personal name Dela Cruz, Reemah T.
9 (RLIN) 39146
700 ## - ADDED ENTRY--PERSONAL NAME
Personal name Tero, Jhay Ann M.
9 (RLIN) 39147
942 ## - ADDED ENTRY ELEMENTS (KOHA)
Source of classification or shelving scheme Dewey Decimal Classification
Koha item type Undergraduate Thesis
Holdings
Withdrawn status Lost status Source of classification or shelving scheme Damaged status Not for loan Collection code Home library Current library Date acquired Total Checkouts Full call number Barcode Date last seen Price effective from Koha item type
    Dewey Decimal Classification     Undergraduate Theses UM Digos College - LIC UM Digos College - LIC 07/29/2019   UT 1340 So43 2019 UT 1340 08/02/2019 08/02/2019 Undergraduate Thesis